000 00846nam a22002177a 4500
999 _c2359
_d2359
003 AR-CdUCM
008 190304b ||||| |||| 00| 0 esp d
020 _aISBN
040 _aMUNICIPALIDAD PROVINCIAL DEL CUSCO
_cBIBLIOTECA MUNICIPAL DEL CUSCO
082 _a820 /
_bG18
100 _aGamberini, Spartaco
_98484
245 _aOrientaciones actuales de la literatura inglesa /
260 _aBuenos Aires :
_bTroquel,
_c1961.
300 _a199 paginas ;
_c20 cm.
505 _aLos límites del periodo -- El nacionalismo -- Fuera de la tradición georgiana -- Los poetas de la guerra -- La aristocracia de la inteligencia -- La segunda guerra mundial -- Grandes ensayistas ...
650 _aLiteratura inglesa
_91015
650 _aÉpoca victoriana
_98485
650 _aEl imaginismo
_98486
942 _2ddc
_cLIBROS
945 _aacrt
_d2019-03-04